| 000 | 00484nam a2200133Ia 4500 | ||
|---|---|---|---|
| 008 | 231129s2006||||xx |||||||||||||| ||spa|| | ||
| 020 | _a978-958-97532-3-1 | ||
| 082 | _aER- 222 | ||
| 100 | _aConcurso Nacional de Novela "Aniversario Ciudad de Pereira" Vol. 21 | ||
| 245 | 0 | _aConcurso Nacional de Novela "Aniversario Ciudad de Pereira" Vol.21 El espejo ustorio | |
| 260 | _c2006 | ||
| 264 | _aPereira: Gráficas Metropolitana 2006 | ||
| 942 |
_2ddc _cBKS |
||
| 999 |
_c7880 _d7880 |
||